000 00709nam a2200229 a 4500
001 28954
003 BD-RjUL
005 20211209051343.0
008 140401s1952 enka b 001 0 eng d
035 _a(BD-RjUL)29038
_aCURL 040000000987(Lee) from mbc020
040 _aDLC
_cANC
_dBD-RjUL
_beng
041 _aeng
082 0 4 _a150
_bMCT 1952
100 1 _aMcKellar, Peter.
_988466
245 1 2 _aA text-book of human psychology /
_cPeter McKellar ; with a foreword by D.W. Harding.
260 _aLondon :
_bCohen & West,
_c1952.
300 _axv, 384 p. :
_bill. ;
_c22 cm.
504 _aInclude bibliography and index.
650 0 _aPsychology.
_988467
700 1 _aHarding, D.W.
_988468
942 _2ddc
_cBK
999 _c28954
_d28954